Biggest sources of immigrants to Connecticut - Statistics

General Stats
  • This quiz has been taken 34 times
  • The average score is 9 of 10
Answer Stats
Hint Answer % Correct
30,126 China
100%
25,619 Mexico
100%
12,600 Canada
97%
33,704 India
97%
14,000 United Kingdom
93%
26,387 Brazil
83%
17,659 Colombia
83%
16,770 Italy
77%
18,544 Poland
77%
45,683 Jamaica
73%
No matching quizzes found
Score Distribution
Percent of People with Each Score
Percentile by Number Answered
Your Score History
You have not taken this quiz